000 00845nam a2200181 i 4500
001 57072
003 ES-MaACL
005 20230906163516.0
007 t|
008 031014s1962 sp ||||1| spa d
245 0 0 _aDoctrina civil del Tribunal Supremo sobre arrendamientos urbanos
_b: Comprende las resoluciones recaídas en materia de arrendamientos urbanos, de derecho sustantivo y procesal, del Tribunal Supremo y las de la Dirección General de los Registros y del Notariado, desde Julio de 1904 hasta marzo de 1962 /
_cManuel Rodriguez Navarro.
260 _aMadrid :
_bAguilar,
_c1962 (
_fGuerri)
300 _aXL, 2301 p. ;
_c20 cm.
500 _aSon los apendices I y III.
650 4 _aArrendamiento urbano-
_zEspaña-
_vJurisprudencia.
_9165724
700 1 _aRodríguez Navarro, Manuel.
_998697
852 _aES-MaACL
_jP-675-bis
_bR.50807
999 _c57072
_d57072